| 000 | 00782nam a2200181Ia 4500 | ||
|---|---|---|---|
| 008 | 100920s9999 xx 000 0 und d | ||
| 082 |
_b8947 _a891.43 थ 54 |
||
| 100 | _aसिंहल रोशनलाल , दीक्षति जगदीश. | ||
| 245 | _aहिन्दी के प्रसिध्द महाकाव्य. | ||
| 260 |
_bराजपाल एण्ड सन्स ,कश्मीरी गेट, दिल्ली. _c1954 |
||
| 300 |
_a86 _bसाधी |
||
| 365 | _b1.25 | ||
| 520 | _aहिंदी. | ||
| 630 | _aहिन्दी के प्रसिध्द महाकाव्य. | ||
| 650 | _aहिंदी. | ||
| 730 | _aहिन्दी के प्रसिध्द महाकाव्य. | ||
| 942 | _cBOOK | ||
| 999 |
_c676091 _d676088 |
||